Máximas sobre recursos de fuerza y protección, con el método de introducirlos en los tribunales (Record no. 8552)

MARC details
000 -CABECERA
campo de control de longitud fija 01053nam a2200217 a 4500
001 - NÚMERO DE CONTROL
campo de control BRCA_8901
005 - FECHA Y HORA DE LA ÚLTIMA TRANSACCIÓN
campo de control 20190320210442.0
008 - DATOS DE LONGITUD FIJA--INFORMACIÓN GENERAL
campo de control de longitud fija 160617s1785----sp-#######---#000-0#spa-#
041 ## - CÓDIGO DE LENGUA
Código de lengua del texto/banda sonora o título independiente spa
044 ## - CÓDIGO DEL PAÍS DE LA ENTIDAD EDITORA/PRODUCTORA
Código MARC del país sp
084 ## - OTRO NÚMERO DE CLASIFICACIÓN
Número de clasificación CO58
Número de documento/Ítem .C68 1785
100 1# - ENTRADA PRINCIPAL--NOMBRE DE PERSONA
Nombre de persona Covarrubias, Joseph de
9 (RLIN) 22143
245 10 - MENCIÓN DE TÍTULO
Título Máximas sobre recursos de fuerza y protección, con el método de introducirlos en los tribunales
Mención de responsabilidad, etc. su autor el Licenciado Don Joseph de Covarrubias...
260 ## - PUBLICACIÓN, DISTRIBUCIÓN, ETC.
Lugar de publicación, distribución, etc. Madrid
Nombre del editor, distribuidor, etc. Por D. Joachin Ibarra
Fecha de publicación, distribución, etc. 1785
300 ## - DESCRIPCIÓN FÍSICA
Extensión VII, 440 p.
Dimensiones 31.2 x 20.2 cm
500 ## - NOTA GENERAL
Nota general En portada: El remedio de la fuerza es el más importante y necesario que puede haber para el bien y quietud, é buen gobierno de estos Reynós, sin el qual toda la República se turbaría, y se seguirían grandes escándalos, é incovenientes. Ley 8o. tit. 5 lib. 2. Recop.
500 ## - NOTA GENERAL
Nota general Estado físico: presenta encuadernación en pergamino con presencia del pez de plata y cintas rotas
650 14 - PUNTO DE ACCESO ADICIONAL DE MATERIA--TÉRMINO DE MATERIA
Término de materia o nombre geográfico como elemento de entrada Derecho procesal
Subdivisión cronológica Obras anteriores a 1800
9 (RLIN) 21693
902 ## - CATALOGADOR
Iniciales CFM
942 ## - ELEMENTOS DE PUNTO DE ACCESO ADICIONAL (KOHA)
Fuente del sistema de clasificación o colocación Library of Congress Classification
Tipo de ítem Koha Libros
Holdings
Estado de retiro Estado de pérdida Estado dañado No para préstamo Localización permanente Ubicación/localización actual Fecha de adquisición Total de préstamos Signatura topográfica completa Código de barras Fecha visto por última vez Precio válido a partir de Tipo de ítem Koha
El ejemplar forma parte de la colección y puede ser consultado según las políticas vigentes.       Biblioteca del Museo Franz Mayer (Rogerio Casas-Alatriste) Biblioteca del Museo Franz Mayer (Rogerio Casas-Alatriste) 16/06/2017   CO58 .C68 1785 CFM00224 22/03/2019 22/03/2019 Libros